Statistics for Top 10 Smallest Economies in Europe

Click here to take the quiz!

General Stats

  • This quiz has been taken 542 times
    (429 since last reset)
  • The average score is 8 of 10

Answer Stats

GDPCountry% Correct
3.30 bilAndorra
93%
2.10 bilSan Marino
92%
5.00 bilLiechtenstein
88%
19.6 bilKosovo
87%
7.70 bilMonaco
87%
19.3 bilMalta
85%
20.1 bilMoldova
85%
10.1 bilMontenegro
84%
31.0 bilNorth Macedonia
81%
17.7 bilIceland
64%

Score Distribution

Percentile by Number Answered

Percent of People with Each Score

Your Score History

You have not taken this quiz since the last reset